Voos com origem em Recife (REC) - Statistics

Estatísticas Gerais
  • Esse quiz foi jogado 30 vezes
  • A pontuação média é 29 de 50
Estatísticas das Respostas
Cia aérea Destino % Correto
Azul, Gol, LATAM Rio de Janeiro-Galeão
100%
Azul Natal
96%
Azul, Gol, LATAM São Paulo-Guarulhos
96%
Azul Belém
92%
Azul, Gol, LATAM Fortaleza
92%
Azul, Gol, LATAM São Paulo-Congonhas
92%
Azul Belo Horizonte-Confins
88%
Azul Curitiba
88%
Azul Florianópolis
88%
Azul Goiânia
88%
Azul João Pessoa
88%
Azul, Gol Vitória
88%
Azul Aracaju
85%
Azul, Gol, LATAM Brasília
85%
Azul Maceió
85%
Azul Manaus
85%
Azul Petrolina
85%
TAP Lisboa
81%
Azul, Gol Salvador
81%
Azul São Luís
81%
Azul Teresina
77%
Azul Palmas
73%
Azul Caruaru
69%
Gol Buenos Aires-Aeroparque
65%
Azul, Gol Campinas
65%
Azul Campo Grande
65%
Azul Juazeiro do Norte
65%
Azul Orlando
62%
Azul, Voepass Fernando de Noronha
58%
LATAM Santiago
58%
Azul Campina Grande
54%
Azul Porto Velho
54%
Azul Montevidéu
42%
Azul Foz do Iguaçu
38%
Azul Mossoró
38%
Azul Ribeirão Preto
38%
Azul Conecta Serra Talhada
35%
Azul Uberlândia
35%
Azul Assunção
27%
Azul São José do Rio Preto
27%
Azul Fort Lauderdale
23%
Azul Conecta Garanhuns
19%
Azul Conecta Araripina
15%
Azul Navegantes
15%
Azul Conecta Patos
15%
Azul Bauru/Arealva
12%
Azul Presidente Prudente
12%
Azul Conecta Cajazeiras
8%
Azul São Raimundo Nonato
4%
Gol Punta del Este
0%
Nenhum quiz correspondente encontrado
Distribuição das Pontuações
Porcentagem de Pessoas com Cada Pontuação
Percentil de Números Respondidos
Sua Pontuação Histórica
Você não jogou esse quiz